Výber dane zrážkou z príjmov fyzických osôb - postup platný pre rok 2003
Tri spôsoby zdaňovania príjmov. Osobitná sadzba dane. Zabezpečenie dane. Zrážka preddavkov na daň z príjmov zo závislej činnosti.
Salvato in:
| Autore principale: | |
|---|---|
| Natura: | Capitolo di libro |
| Lingua: | slovacco |
| Soggetti: | |
| Tags: |
Nessun Tag, puoi essere il primo ad aggiungerne!!
|
MARC
| LEADER | 00000naa$a2200000$$$4500 | ||
|---|---|---|---|
| 001 | 0001936 | ||
| 005 | 20230927072222.2 | ||
| 041 | 0 | |a slo | |
| 044 | |a SK | ||
| 245 | 1 | 0 | |a Výber dane zrážkou z príjmov fyzických osôb - postup platný pre rok 2003 |c aut. Dagmar Piršelová |
| 520 | |a Tri spôsoby zdaňovania príjmov. Osobitná sadzba dane. Zabezpečenie dane. Zrážka preddavkov na daň z príjmov zo závislej činnosti. | ||
| 610 | 2 | 0 | |a dane z príjmov |
| 610 | 2 | 0 | |a dane zrážkové |
| 610 | 2 | 0 | |a osoby fyzické |
| 610 | 2 | 0 | |a preddavky |
| 100 | 1 | |a Piršelová, Dagmar | |